000
00253nam a22001097a 4500
008
170113b xxu||||| |||| 00| 0 eng d
020
_a
9780721695341
041
_a
eng
080
_2
4TH
_a
618.2
245
_a
POLICY & POLITICS
_c
MASON, D.J
942
_2
udc
_c
BK
999
_c
2899
_d
2899